Statistics for Artists who reached #1 in the USA that starts with K

Click here to take the quiz!

General Stats

  • This quiz has been taken 34 times
  • The average score is 7 of 21

Answer Stats

#SongArtist% Correct
1CelebrationKool and the Gang
72%
2I Believe I Can FlyR. Kelly
72%
1My SharonaThe Knack
72%
5That's the Way (I Like It)KC and the Sunshine Band
63%
2How Do U Want ItK-Ci & JoJo
63%
3Tik TokKe$ha
63%
1Will You Love Me TomorrowCarole King
53%
1JumpKris Kross
50%
1Beautiful GirlsSean Kingston
38%
1Rock Me GentlyAndy Kim
34%
1Somebody That I Used to KnowKimbra
25%
2Black and YellowWiz Khalifa
25%
1I Feel a Song (In My Heart)Gladys Knight
19%
1Here Comes the HotstepperIni Kamoze
16%
1Tom DooleyKingston Trio
9%
4You Don't Know My NameAlicia Keys
9%
1Party DollBuddy Knox
9%
1The Way You Do The Things You DoEddie Kendricks
9%
1Wild Wild WestKool Moe Dee
9%
1Strangers in the NightBert Kaempfert
6%
1One DanceKyla
3%

Score Distribution

Percentile by Number Answered

Percent of People with Each Score

Your Score History

You have not taken this quiz